Religion Groups Grab Bag Quiz Stats

 Plays Quiz Updated Dec 4, 2016

Support Sporcle.
Go Orange.
Score 0/60 Timer 06:00
3 Plays Today
% Correct
Father
97.7%
Holy Spirit
97.2%
Son
96.9%
Aphrodite
91.8%
Athena
91.8%
Gold
91.6%
Myrrh
90.9%
Luke
90.8%
Mark
90.6%
Frankincense
90.2%
John
89.8%
Matthew
89%
Hera
88.7%
Death
87.2%
Eucharist (Communion)
86.1%
Action (Conduct)
85.9%
Famine
85.8%
Concentration (Samādhi)
85.5%
Artemis
85.4%
Intention (Resolve)
85.3%
War
84.4%
Vishnu
84.1%
Hestia
84.1%
Reconciliation (Confession)
83.9%
Pestilence
83.4%
Confirmation
82.9%
Mindfulness
82.6%
Judah
82.6%
Shiva
82.4%
Baptism
81.9%
% Correct
Leviticus
81.7%
Genesis
81.7%
Levi
81.6%
Exodus
81.6%
Simeon
80.3%
Deuteronomy
79.4%
Reuben
79.4%
Issachar
78.6%
Benjamin
78.2%
Asher
78.2%
Anointing of the Sick
76.6%
Numbers
76.4%
Joseph
76.1%
Brahma
76%
Gad
75.1%
Demeter
75.1%
Speech
74.8%
Livelihood
74.8%
Marriage
74.5%
Dan
74.4%
Effort
73.9%
Zebulun
73.2%
Holy Orders
71.3%
Hajj
70.6%
Salat
66.5%
View
66%
Naphtali
62.8%
Shahada
61.7%
Zakat
59.1%
Sawm
57.1%

You're not logged in!

Compare scores with friends on all Sporcle quizzes.
OR
Log In

From the Vault

3 Flops, 1 Actor

by jakethegoldfish

These actors are just flopping around all over the place.
Remove Ads.
Support Sporcle.
Get the best of Sporcle when you Go Orange. This ad-free experience offers more features, more stats, and more fun while also helping to support Sporcle. Thank you for becoming a member.

Show Comments

Extras

Top Quizzes Today


Score Distribution

Your Account Isn't Verified!

In order to create a playlist on Sporcle, you need to verify the email address you used during registration. Go to your Sporcle Settings to finish the process.

Report this User

Report this user for behavior that violates our Community Guidelines.

Details: